4th Applied Research Conference in Africa 27-29 August 2015, Institute of Agricultural Research & Training Ibadan, Nigeria (Record no. 3442)

MARC details
005 - DATE AND TIME OF LATEST TRANSACTION
control field 20250607122623.0
020 ## - INTERNATIONAL STANDARD BOOK NUMBER
International Standard Book Number 978-9988-2-2066-2
082 ## - DEWEY DECIMAL CLASSIFICATION NUMBER
Classification number REF 060.96 ARC
245 ## - TITLE STATEMENT
Title 4th Applied Research Conference in Africa 27-29 August 2015, Institute of Agricultural Research & Training Ibadan, Nigeria
260 ## - PUBLICATION, DISTRIBUTION, ETC.
Place of publication, distribution, etc. Nigeria,
Name of publisher, distributor, etc. Applied Research Coference in Africa (ARCA),
Date of publication, distribution, etc. 2016.
300 ## - PHYSICAL DESCRIPTION
Extent xxi, 511p.: Ill.; figures & table.
Dimensions 28cm.
700 ## - ADDED ENTRY--PERSONAL NAME
Other authors/Editors NANI, G . & ATEPOR, L.
942 ## - ADDED ENTRY ELEMENTS (KOHA)
Source of classification or shelving scheme Dewey Decimal Classification
Koha item type Books
Holdings
Date last seen Total checkouts Full call number Barcode Cost, replacement price Price effective from Koha item type Lost status Source of classification or shelving scheme Damaged status Not for loan Withdrawn status Home library Current library Shelving location Date acquired Cost, normal purchase price
06/07/2025   REF 060.96 ARC 00000011579 150000.00 06/07/2025 Books   Dewey Decimal Classification       College of Business Education Main Library College of Business Education Main Library Reference Collection 09/02/2015 50000.00